Critical Analysis on International Criminal Court (ICC) Hague / (Record no. 613818)
[ view plain ]
| 000 -LEADER | |
|---|---|
| fixed length control field | 00344nam a22001217a 4500 |
| 082 ## - DEWEY DECIMAL CLASSIFICATION NUMBER | |
| Classification number | 345 |
| Author Mark | HAS |
| 100 ## - MAIN ENTRY--PERSONAL NAME | |
| Personal name | Hassan, Rabia Omar |
| 245 ## - TITLE STATEMENT | |
| Title | Critical Analysis on International Criminal Court (ICC) Hague / |
| Statement of responsibility, etc. | Rabia Omar Hassan |
| 260 ## - PUBLICATION, DISTRIBUTION, ETC. | |
| Place of publication, distribution, etc. | Karachi: |
| Name of publisher, distributor, etc. | Pakistan Law House, |
| Date of publication, distribution, etc. | 2023. |
| 300 ## - PHYSICAL DESCRIPTION | |
| Extent | 116 p. |
| 563 ## - BINDING INFORMATION | |
| Binding note | HB. |
| 942 ## - ADDED ENTRY ELEMENTS (KOHA) | |
| Source of classification or shelving scheme | |
| Koha item type | Book |
| Withdrawn status | Lost status | Source of classification or shelving scheme | Damaged status | Not for loan | Permanent Location | Current Location | Date acquired | Total Checkouts | Full call number | Barcode | Date last seen | Price effective from | Koha item type |
|---|---|---|---|---|---|---|---|---|---|---|---|---|---|
| NUST Law School (NLS) | NUST Law School (NLS) | 05/29/2025 | 345 HAS | NLSD-126 | 05/29/2025 | 05/29/2025 | Book |
